00293nam a22000977a 4500082001400000100002200014245004900036260007700085300000900162700002400171 a664.52WIJ aWijesekra, R.O.B. aCompendium on Spices of Sri lanka: Cardamom/ aColombo:bCeylon Institute of Scientofic & INdusstrial Reasearch,c1975. a54p: aNethsingha, Clodagh